|
|
|
|
| LEADER |
00988pam a22002418a 4500 |
| 001 |
00021595 |
| 008 |
110525s1985 ||||||Viesd |
| 005 |
20171026081023.0 |
| 041 |
0 |
# |
|a Vie
|
| 082 |
1 |
4 |
|a 570.71
|b PH561PH
|
| 100 |
0 |
# |
|a Nguyễn Tấn
|
| 245 |
0 |
0 |
|a Phương pháp giảng dạy sinh học ở trường phổ thông cơ sở
|b Sách cao đẳng sư phạm
|c Nguyễn Tấn
|n T.1
|p Lý luận đại cương
|
| 260 |
# |
# |
|a [Kđ]
|b [Knxb]
|c 1985
|
| 300 |
# |
# |
|a 112 tr.
|c 21 cm.
|
| 500 |
# |
# |
|a Cục đào tạo bồi dưỡng
|
| 650 |
# |
4 |
|a Sinh học
|
| 653 |
# |
# |
|a Phương pháp giảng dạy
|
| 852 |
# |
# |
|b Kho giáo trình
|j KGT.0007875, KGT.0007876, KGT.0007877, KGT.0007962
|
| 852 |
# |
# |
|b Kho mượn
|j KGT.0007875
|
| 852 |
# |
# |
|b Kho đọc
|j KD.0006689
|
| 852 |
# |
# |
|j KGT.0007875
|j KGT.0007877
|j KD.0006689
|j KGT.0007876
|
| 910 |
0 |
# |
|a Hoa Lê
|d 25/05/2011
|
| 980 |
# |
# |
|a Trung tâm Học liệu Lê Vũ Hùng, Trường Đại học Đồng Tháp
|